| 000 | 01114nam a2200205Ia 4500 | ||
|---|---|---|---|
| 001 | 16226 | ||
| 003 | GE_BSU | ||
| 008 | 181216s||||||||xx |||||||||||||| ||und|| | ||
| 040 | _cGE_BSU | ||
| 080 | _a821.353.1.(072) | ||
| 100 | _aღამბაშიძე,ნინო. | ||
| 245 | _aქართული ლიტერატურის სწავლების თეორია და პრაქტიკა. | ||
| 300 | _a52გვ;25სმ | ||
| 300 | _bბიბლიოგრ.ტექსტ.შენიშვნ.გვ:49 | ||
| 520 | _aამერიკული აკად.თბილისში,განათლ.განვითარებისა და კვლევის ცენტრი. მასწავლებლის ბიბლიოთეკა:სასწავლო სტრატეგიები სკოლაში. | ||
| 541 | _h10ლ. | ||
| 653 | _aლიტერატურა | ||
| 653 | _aქართული ლიტერატურის სწავლების თეორია და პრაქტიკა. | ||
| 942 | _cBK | ||
| 999 |
_c49310 _d49310 |
||